| 000 | 01077nam1a2200277 i 4500 | ||
|---|---|---|---|
| 001 | RU\NLR\bibl\924180 | ||
| 005 | 20240919160948.0 | ||
| 035 | _a(NLR Aleph) 000912447 | ||
| 090 |
_a48246 _c48246 |
||
| 100 | _a20060331g2005 u y0rusy50 ca | ||
| 101 | 0 | _arus | |
| 102 | _aRU | ||
| 105 | _aa ||||||||| | ||
| 200 | 1 |
_aНавигатор страхового агента _eсборник статей _f[гл. ред. Елена Шарова] |
|
| 210 |
_aМосква _cДеловой формат _d2005 |
||
| 215 | _d24 | ||
| 225 | 1 | _aСерия: бизнес-практикум | |
| 463 | 0 | _1001920056 | |
| 606 | 1 |
_aСтраховые агенты _jПрактические пособия _xОрганизация работы _92298500 _3RU\NLR\auth\661376221 |
|
| 686 | _aУ26(2)31-642я7 | ||
| 702 | 1 |
_aШарова _bЕ. _gЕлена _4340 |
|
| 801 | 0 |
_aRU _bNLR _c20060331 _grcr |
|
| 801 | 1 |
_aRU _bNLR _c20060331 |
|
| 852 |
_aNLR _j2006-7/1554 |
||
| 942 | _cBOOK | ||